000 00364nam a2200133Ia 4500
008 150202s9999 xx 000 0 und d
020 _a425155439
050 _aFIC
_bFIC
100 _aReynolds, Sheri.
245 4 _aThe rapture of Canaan /
_cSheri Reynolds.
260 _aNew York :
_bBerkley Books,
_c1994.
300 _a321 pages :
_c18 cm.
650 _aFiction.
999 _c282344
_d282344